[Event "Titled Tuesday intern op 29th Aug Early"]
[Site "Chess.com INT"]
[Date "2023.08.29"]
[Round "10"]
[White "Hrescak, Ivana"]
[Black "Bold, Andre"]
[Result "0-1"]
[WhiteElo "2117"]
[BlackElo "2194"]
[PlyCount "56"]
[EventDate "2023.08.29"]
[EventType "swiss (blitz)"]
[EventRounds "11"]
[EventCountry "USA"]
[SourceTitle "EXT 2024"]
[Source "ChessBase"]
[SourceDate "2023.10.10"]
[SourceVersion "1"]
[SourceVersionDate "2023.10.10"]
[SourceQuality "1"]

1. e4 c6 2. d4 d5 3. e5 Bf5 4. h4 h5 5. Bd3 Bxd3 6. Qxd3 e6 7. Bg5 Qa5+ 8. Nd2 Qa6 9. c4 Bb4 10. b3 Nd7 11. Ngf3 Ne7 12. 0-0 Nf5 13. Rfc1 Nb6 14. Nf1 Qa3 15. Rc2 dxc4 16. Qd1 cxb3 17. axb3 Qxb3 18. Rb1 Qa4 19. Qe2 Nd5 20. Ra2 Qb5 21. Qc2 a5 22. N1d2 Nc3 23. Rxb4 Qxb4 24. Rb2 Ne2+ 25. Kh2 Nexd4 26. Nxd4 Nxd4 27. Qc1 Qa4 28. Rxb7 0-0 0-1

[Event "Titled Tuesday intern op 29th Aug Early"]
[Site "Chess.com INT"]
[Date "2023.08.29"]
[Round "8"]
[White "Hrescak, Ivana"]
[Black "Ljukin, Sergei"]
[Result "0-1"]
[WhiteElo "2117"]
[BlackElo "2362"]
[PlyCount "136"]
[EventDate "2023.08.29"]
[EventType "swiss (blitz)"]
[EventRounds "11"]
[EventCountry "USA"]
[SourceTitle "EXT 2024"]
[Source "ChessBase"]
[SourceDate "2023.10.10"]
[SourceVersion "1"]
[SourceVersionDate "2023.10.10"]
[SourceQuality "1"]

1. e4 e6 2. d4 d5 3. Nc3 Bb4 4. e5 Ne7 5. Qg4 c5 6. a3 Bxc3+ 7. bxc3 Qc7 8. Qxg7 Rg8 9. Qxh7 cxd4 10. Qd3 Qxe5+ 11. Ne2 dxc3 12. Qxc3 Nbc6 13. Qxe5 Nxe5 14. Ng3 Bd7 15. Bb2 N7c6 16. Nh5 Ke7 17. f4 Ng4 18. h3 Ne3 19. Nf6 Nxc2+ 20. Kd2 Nxa1 21. Nxg8+ Rxg8 22. Bxa1 f6 23. h4 e5 24. h5 Bf5 25. h6 Kf7 26. fxe5 fxe5 27. Rh5 Kg6 28. Be2 Rh8 29. g4 Be4 30. Bxe5 Nxe5 31. Rxe5 Rxh6 32. Re6+ Kg5 33. Rxh6 Kxh6 34. Ke3 Kg5 35. Kd4 Kf6 36. a4 b6 37. Kc3 Ke5 38. Kb4 Bc2 39. a5 Kd6 40. axb6 axb6 41. Kb5 Kc7 42. g5 Bg6 43. Bf3 Be8+ 44. Kb4 Kd6 45. Be2 Ke5 46. Bd3 Kd4 47. Bc2 Ke5 48. g6 Kf6 49. Kc3 Bc6 50. Kd4 Bb7 51. Bd3 Bc6 52. Kc3 Be8 53. Kb4 Bxg6 54. Bxg6 Kxg6 55. Kc3 Kf5 56. Kd4 Ke6 57. Kd3 Ke5 58. Ke3 d4+ 59. Kd3 Kd5 60. Kd2 Ke4 61. Kc2 d3+ 62. Kd2 Kd4 63. Kd1 Ke3 64. Kc1 d2+ 65. Kd1 b5 66. Kc2 Ke2 67. Kb3 d1Q+ 68. Kb4 Qb1+ 0-1

[Event "Titled Tuesday intern op 22nd Aug Early"]
[Site "Chess.com INT"]
[Date "2023.08.22"]
[Round "11"]
[White "Carroll, Thomas"]
[Black "Hrescak, Ivana"]
[Result "1-0"]
[WhiteElo "2048"]
[BlackElo "2117"]
[PlyCount "77"]
[EventDate "2023.08.22"]
[EventType "swiss (blitz)"]
[EventRounds "11"]
[EventCountry "USA"]
[SourceTitle "EXT 2024"]
[Source "ChessBase"]
[SourceDate "2023.10.10"]
[SourceVersion "1"]
[SourceVersionDate "2023.10.10"]
[SourceQuality "1"]

1. c4 e5 2. Nc3 Nf6 3. g3 c6 4. d4 e4 5. d5 cxd5 6. cxd5 d6 7. Bg2 Bf5 8. Bg5 Be7 9. e3 h6 10. Bxf6 Bxf6 11. Nxe4 Bxe4 12. Bxe4 Bxb2 13. Rb1 Bc3+ 14. Kf1 0-0 15. Ne2 Bf6 16. Rxb7 Nd7 17. Bf5 Nc5 18. Rb1 Qa5 19. Qc2 g6 20. Bg4 h5 21. Bf3 Rfc8 22. Kg2 Na4 23. Qd3 Rc5 24. Nd4 Rc3 25. Qb5 Rc5 26. Qxa5 Rxa5 27. Nc6 Rc5 28. Rb7 Nc3 29. Rxa7 Rxa7 30. Nxa7 Nxd5 31. Rd1 Nc3 32. Rxd6 Kg7 33. Ra6 Nd5 34. Nc6 Nc7 35. Ra7 Nd5 36. a4 Rxc6 37. Bxd5 Rc2 38. Rxf7+ Kh6 39. Rxf6 1-0

[Event "Titled Tuesday intern op 22nd Aug Early"]
[Site "Chess.com INT"]
[Date "2023.08.22"]
[Round "8"]
[White "Hajiyev, Kanan"]
[Black "Hrescak, Ivana"]
[Result "0-1"]
[WhiteElo "2109"]
[BlackElo "2117"]
[PlyCount "110"]
[EventDate "2023.08.22"]
[EventType "swiss (blitz)"]
[EventRounds "11"]
[EventCountry "USA"]
[SourceTitle "EXT 2024"]
[Source "ChessBase"]
[SourceDate "2023.10.10"]
[SourceVersion "1"]
[SourceVersionDate "2023.10.10"]
[SourceQuality "1"]

1. d4 d5 2. c4 c6 3. cxd5 cxd5 4. Nc3 Nf6 5. Nf3 Nc6 6. Bg5 e6 7. e3 h6 8. Bh4 Be7 9. Bd3 0-0 10. 0-0 a6 11. Rc1 Bd7 12. Na4 Rc8 13. Nc5 Rc7 14. Qd2 Ne8 15. b4 Bxh4 16. a4 Be7 17. b5 axb5 18. axb5 Nb8 19. b6 Rc8 20. Qa5 Bxc5 21. dxc5 Nc6 22. Qc3 Qf6 23. Qc2 e5 24. Bb5 Bg4 25. Nd2 Qg5 26. Rfe1 Bh3 27. Bf1 Bf5 28. Qa2 Nf6 29. Nf3 Qg4 30. Qb2 e4 31. h3 Qh5 32. Nd2 Qg6 33. Kh2 Be6 34. Ra1 Qf5 35. Kg1 Qe5 36. Qc2 Rfd8 37. Rec1 h5 38. Nb3 Qg5 39. Kh2 Qe5+ 40. Kg1 d4 41. exd4 Nxd4 42. Nxd4 Rxd4 43. Qb2 Rd5 44. Qb5 Rdxc5 45. Rxc5 Qxc5 46. Qb2 Qc3 47. Qb1 e3 48. fxe3 Qxe3+ 49. Kh1 Ne4 50. Ra7 Ng3+ 51. Kh2 Nxf1+ 52. Qxf1 Qe5+ 53. Kh1 Qe3 54. Rxb7 Rc1 55. Rb8+ Kh7 0-1

[Event "Titled Tuesday intern op 22nd Aug Early"]
[Site "Chess.com INT"]
[Date "2023.08.22"]
[Round "9"]
[White "Hrescak, Ivana"]
[Black "Begunov, Konstantin"]
[Result "0-1"]
[WhiteElo "2117"]
[BlackElo "2325"]
[PlyCount "76"]
[EventDate "2023.08.22"]
[EventType "swiss (blitz)"]
[EventRounds "11"]
[EventCountry "USA"]
[SourceTitle "EXT 2024"]
[Source "ChessBase"]
[SourceDate "2023.10.10"]
[SourceVersion "1"]
[SourceVersionDate "2023.10.10"]
[SourceQuality "1"]

1. e4 c5 2. Nf3 d6 3. c3 Nf6 4. Be2 Nc6 5. d4 cxd4 6. cxd4 d5 7. e5 Ne4 8. 0-0 Bg4 9. h3 Bh5 10. Nbd2 e6 11. Re1 Qb6 12. Nxe4 dxe4 13. Nd2 Bg6 14. Bh5 Qxd4 15. Bxg6 hxg6 16. Rxe4 Qd5 17. Qe1 Nd4 18. Nb3 Nc2 19. Qe2 Nxa1 20. Nxa1 Rc8 21. Bf4 Qc5 22. Nb3 Qd5 23. Rd4 Qc6 24. Kh2 Be7 25. Na5 Qb6 26. Nb3 0-0 27. h4 Rfd8 28. Re4 Qa6 29. Qf3 Qxa2 30. h5 gxh5 31. Nd4 Qb1 32. Re3 Qg6 33. Ne2 Qg4 34. Qe4 Rc5 35. Rg3 Qf5 36. Qf3 Rdd5 37. Ng1 Rc4 38. Nh3 Re4 0-1

[Event "Titled Tuesday intern op 15th Aug Early"]
[Site "Chess.com INT"]
[Date "2023.08.15"]
[Round "1"]
[White "Hrescak, Ivana"]
[Black "Chor, Kevin"]
[Result "0-1"]
[WhiteElo "2117"]
[BlackElo "1944"]
[PlyCount "104"]
[EventDate "2023.08.15"]
[EventType "swiss (blitz)"]
[EventRounds "11"]
[EventCountry "USA"]
[SourceTitle "EXT 2024"]
[Source "ChessBase"]
[SourceDate "2023.10.10"]
[SourceVersion "1"]
[SourceVersionDate "2023.10.10"]
[SourceQuality "1"]

1. e4 c5 2. Nf3 Nc6 3. Bb5 Qb6 4. Nc3 e6 5. 0-0 Nge7 6. Re1 a6 7. Bf1 g6 8. Na4 Qa5 9. c3 d6 10. b3 Bg7 11. Nb2 b5 12. d4 Qxc3 13. Re3 Qa5 14. dxc5 dxc5 15. Qd6 Qb6 16. a4 Rb8 17. a5 Qa7 18. Ra2 Nb4 19. Ra3 0-0 20. Nd3 Nc2 21. Qxc5 Qxc5 22. Nxc5 Nxe3 23. Bxe3 Nc6 24. Ra2 Rd8 25. Be2 Nd4 26. h4 e5 27. h5 Nxe2+ 28. Rxe2 Bg4 29. hxg6 hxg6 30. Rc2 Bxf3 31. gxf3 Rbc8 32. Rc1 Bf8 33. Nxa6 Rxc1+ 34. Bxc1 Rd1+ 35. Kg2 Rxc1 36. Nc7 Ra1 37. a6 Bd6 38. Nxb5 Rxa6 39. Nxd6 Rxd6 40. Kg3 Rb6 41. Kg4 Rxb3 42. Kg5 Kg7 43. f4 f6+ 44. Kg4 exf4 45. Kxf4 Rb4 46. f3 f5 47. Ke5 fxe4 48. fxe4 g5 49. Kf5 Kh6 50. e5 g4 51. e6 Kg7 52. e7 Kf7 0-1

[Event "Titled Tuesday intern op 15th Aug Early"]
[Site "Chess.com INT"]
[Date "2023.08.15"]
[Round "11"]
[White "Mirzanurov, Bulat"]
[Black "Hrescak, Ivana"]
[Result "1-0"]
[WhiteElo "2232"]
[BlackElo "2117"]
[PlyCount "119"]
[EventDate "2023.08.15"]
[EventType "swiss (blitz)"]
[EventRounds "11"]
[EventCountry "USA"]
[SourceTitle "EXT 2024"]
[Source "ChessBase"]
[SourceDate "2023.10.10"]
[SourceVersion "1"]
[SourceVersionDate "2023.10.10"]
[SourceQuality "1"]

1. e4 e5 2. Nf3 Nc6 3. Bb5 a6 4. Ba4 b5 5. Bb3 g6 6. 0-0 Bg7 7. c3 Nge7 8. d4 exd4 9. cxd4 d6 10. Nc3 0-0 11. Bg5 h6 12. Be3 Bg4 13. Qd2 Bxf3 14. gxf3 Qd7 15. Kg2 Na5 16. Bxh6 Nxb3 17. axb3 Kh7 18. Bxg7 Kxg7 19. d5 Rh8 20. Qf4 Qh3+ 21. Kg1 Rh5 22. Qg3 Qd7 23. Qg4 f5 24. Qg3 Rah8 25. e5 Rxh2 26. e6 Qc8 27. Qxh2 Rxh2 28. Kxh2 f4 29. Rh1 c6 30. Rad1 Nxd5 31. Nxd5 cxd5 32. Rxd5 Qxe6 33. Rhd1 Qe2 34. R1d2 Qxf3 35. Rxd6 Qh5+ 36. Kg2 f3+ 37. Kg3 Qh1 38. Rxa6 Qg2+ 39. Kf4 Kh6 40. Rdd6 Qg5+ 41. Kxf3 Qf5+ 42. Kg3 Qe5+ 43. Kf3 Qf5+ 44. Ke3 Qe5+ 45. Kd3 Qf5+ 46. Kc3 Qe5+ 47. Kb4 Qe4+ 48. Ka3 b4+ 49. Ka2 Qc2 50. Rxg6+ Qxg6 51. Rxg6+ Kxg6 52. Kb1 Kf5 53. Kc2 Ke4 54. Kd2 Kf3 55. Ke1 Kf4 56. Ke2 Ke4 57. f3+ Kf4 58. Kf2 Kf5 59. Ke3 Ke5 60. f4+ 1-0

[Event "Titled Tuesday intern op 08th Aug Early"]
[Site "Chess.com INT"]
[Date "2023.08.08"]
[Round "5"]
[White "Herman, Daniel"]
[Black "Hrescak, Ivana"]
[Result "1-0"]
[WhiteElo "1928"]
[BlackElo "2117"]
[PlyCount "75"]
[EventDate "2023.08.08"]
[EventType "swiss (blitz)"]
[EventRounds "11"]
[EventCountry "USA"]
[SourceTitle "EXT 2024"]
[Source "ChessBase"]
[SourceDate "2023.10.10"]
[SourceVersion "1"]
[SourceVersionDate "2023.10.10"]
[SourceQuality "1"]

1. e4 e5 2. Nf3 Nc6 3. Bb5 a6 4. Ba4 Bc5 5. 0-0 Nge7 6. c3 0-0 7. d4 Ba7 8. d5 Nb8 9. Nxe5 d6 10. Nf3 Bg4 11. h3 Bh5 12. Nbd2 f5 13. exf5 Nxf5 14. g4 Ng3 15. gxh5 Nxf1 16. Nxf1 Qf6 17. Kg2 b5 18. Bc2 Nd7 19. Be3 Bxe3 20. fxe3 Rae8 21. e4 Ne5 22. N1h2 Nc4 23. Qe2 Nxb2 24. Rf1 Qxc3 25. Ng5 Nc4 26. Rxf8+ Rxf8 27. Ng4 Rf4 28. Bd3 Ne5 29. Nxe5 Qxe5 30. Ne6 Rf7 31. Qg4 Qb2+ 32. Be2 Qxa2 33. Ng5 Rf8 34. Qe6+ Kh8 35. Nf7+ Kg8 36. Nh6+ Kh8 37. Qg8+ Rxg8 38. Nf7# 1-0

[Event "Titled Tuesday intern op 08th Aug Early"]
[Site "Chess.com INT"]
[Date "2023.08.08"]
[Round "11"]
[White "Hrescak, Ivana"]
[Black "Baches Garcia, Guillermo"]
[Result "0-1"]
[WhiteElo "2117"]
[BlackElo "2327"]
[PlyCount "96"]
[EventDate "2023.08.08"]
[EventType "swiss (blitz)"]
[EventRounds "11"]
[EventCountry "USA"]
[SourceTitle "EXT 2024"]
[Source "ChessBase"]
[SourceDate "2023.10.10"]
[SourceVersion "1"]
[SourceVersionDate "2023.10.10"]
[SourceQuality "1"]

1. e4 c5 2. Nf3 d6 3. Bb5+ Bd7 4. Bxd7+ Qxd7 5. 0-0 Nf6 6. Qe2 Nc6 7. c3 e6 8. d4 cxd4 9. cxd4 d5 10. e5 Ne4 11. Nbd2 Nxd2 12. Bxd2 Be7 13. g3 0-0 14. h4 Bd8 15. Kg2 Bb6 16. Bc3 Rac8 17. Rad1 Ba5 18. Qd3 h6 19. Bxa5 Nxa5 20. b3 Qc6 21. Rc1 Qd7 22. Qd2 Qb5 23. Rc3 Rc6 24. Rfc1 Rfc8 25. Rc5 Rxc5 26. Rxc5 Rxc5 27. dxc5 Nc6 28. Qc3 Qe2 29. a3 d4 30. Nxd4 Qxe5 31. Nb5 Qd5+ 32. Kh2 Ne5 33. Nd4 Qxd4 34. Qxd4 Nf3+ 35. Kg2 Nxd4 36. b4 Kf8 37. f4 Nc2 38. b5 Nxa3 39. b6 axb6 40. cxb6 Nc4 41. Kf3 Nxb6 42. Ke3 h5 43. Kd4 Nd5 44. Kc5 g6 45. Kb5 b6 46. Kc6 Ke7 47. Kb5 Kf6 48. Kc6 Kf5 0-1

[Event "Titled Tuesday intern op 08th Aug Early"]
[Site "Chess.com INT"]
[Date "2023.08.08"]
[Round "10"]
[White "Hrescak, Ivana"]
[Black "Harriott, Tyrell"]
[Result "0-1"]
[WhiteElo "2117"]
[BlackElo "1778"]
[PlyCount "56"]
[EventDate "2023.08.08"]
[EventType "swiss (blitz)"]
[EventRounds "11"]
[EventCountry "USA"]
[SourceTitle "EXT 2024"]
[Source "ChessBase"]
[SourceDate "2023.10.10"]
[SourceVersion "1"]
[SourceVersionDate "2023.10.10"]
[SourceQuality "1"]

1. e4 d5 2. exd5 Nf6 3. d4 Qxd5 4. Nf3 Bg4 5. Be2 Nc6 6. h3 Qh5 7. 0-0 0-0-0 8. hxg4 Nxg4 9. Bf4 e5 10. Nxe5 Ncxe5 11. Bxe5 f5 12. Nc3 Bd6 13. Bxd6 Rxd6 14. Bxg4 fxg4 15. f4 Qh4 16. Qe1 g3 17. Rf3 Qh2+ 18. Kf1 Qh1+ 19. Ke2 Re8+ 20. Re3 Rxe3+ 21. Kxe3 Re6+ 22. Ne4 Qxg2 23. Kd3 h5 24. Qe3 h4 25. Re1 Kb8 26. f5 Re8 27. f6 gxf6 28. Qf4 a6 0-1

[Event "Titled Tuesday intern op 01st Aug Early"]
[Site "Chess.com INT"]
[Date "2023.08.01"]
[Round "7"]
[White "Silva Lucena, Cristian"]
[Black "Hrescak, Ivana"]
[Result "1-0"]
[WhiteElo "2292"]
[BlackElo "2117"]
[PlyCount "95"]
[EventDate "2023.08.01"]
[EventType "swiss (blitz)"]
[EventRounds "11"]
[EventCountry "USA"]
[SourceTitle "EXT 2024"]
[Source "ChessBase"]
[SourceDate "2023.10.10"]
[SourceVersion "1"]
[SourceVersionDate "2023.10.10"]
[SourceQuality "1"]

1. c4 e5 2. Nc3 Nf6 3. Nf3 e4 4. Ng5 c6 5. Ngxe4 Nxe4 6. Nxe4 d5 7. cxd5 cxd5 8. Nc3 d4 9. Nb1 Nc6 10. d3 Bd6 11. g3 h5 12. Bg2 h4 13. Nd2 h3 14. Be4 Be6 15. a3 0-0 16. b4 a6 17. Nc4 Bc7 18. Qd2 Qe7 19. Qg5 f6 20. Qh4 f5 21. Qxe7 Nxe7 22. Bxb7 Ra7 23. Bf3 Nd5 24. Bb2 Nc3 25. Kd2 Bxc4 26. dxc4 Be5 27. Bxc3 dxc3+ 28. Kc2 a5 29. b5 f4 30. g4 Re8 31. Bd5+ Kh7 32. e4 fxe3 33. fxe3 Bd6 34. e4 Be5 35. Rhf1 Ree7 36. Rf3 Kg6 37. Rxh3 Rac7 38. b6 Rc8 39. b7 Rb8 40. Rb1 Rd7 41. Rb6+ Rd6 42. Rxd6+ Bxd6 43. Kxc3 Bxa3 44. Kd4 Bb4 45. c5 a4 46. c6 Bd6 47. e5 Bc7 48. Ra3 1-0

[Event "Titled Tuesday intern op 25th Jul Early"]
[Site "Chess.com INT"]
[Date "2023.07.25"]
[Round "1"]
[White "Hrescak, Ivana"]
[Black "Goncharov, Vladimir"]
[Result "1/2-1/2"]
[WhiteElo "2117"]
[BlackElo "2077"]
[PlyCount "107"]
[EventDate "2023.07.25"]
[EventType "swiss (blitz)"]
[EventRounds "11"]
[EventCountry "USA"]
[SourceTitle "EXT 2024"]
[Source "ChessBase"]
[SourceDate "2023.10.10"]
[SourceVersion "1"]
[SourceVersionDate "2023.10.10"]
[SourceQuality "1"]

1. e4 e6 2. d4 d5 3. Nc3 Bb4 4. e5 Qd7 5. Qg4 Bf8 6. f4 b6 7. Nf3 Ba6 8. Be3 Bxf1 9. Rxf1 Nh6 10. Qh3 Nf5 11. Bg1 c5 12. g4 Nxd4 13. Bxd4 cxd4 14. Nxd4 Nc6 15. 0-0-0 Nxd4 16. Rxd4 0-0-0 17. Rfd1 h5 18. g5 Kb8 19. Qd3 Bc5 20. Ra4 Qc6 21. Qa6 Rd7 22. Nb5 Qb7 23. Qxb7+ Rxb7 24. c4 dxc4 25. Rxc4 Rc8 26. Kb1 a6 27. Nd6 Bxd6 28. Rxc8+ Kxc8 29. Rxd6 Rd7 30. Rxb6 Rd4 31. Rxa6 Rxf4 32. Ra7 g6 33. a4 h4 34. a5 h3 35. a6 Kb8 36. Rb7+ Ka8 37. b4 Rf5 38. b5 Rxe5 39. b6 Rxg5 40. Rxf7 Rb5+ 41. Kc2 Rxb6 42. Rh7 Rxa6 43. Rxh3 g5 44. Rg3 Ra2+ 45. Kd3 Ra5 46. Re3 Ra6 47. Ke4 Kb7 48. Ke5 Kc7 49. Rg3 Ra5+ 50. Kxe6 Ra2 51. Rxg5 Rxh2 52. Rg7+ Kb6 53. Rg6 Kc5 54. Kf5 1/2-1/2

[Event "Titled Tuesday intern op 25th Jul Early"]
[Site "Chess.com INT"]
[Date "2023.07.25"]
[Round "2"]
[White "Hrescak, Ivana"]
[Black "Mei, Austin"]
[Result "0-1"]
[WhiteElo "2117"]
[BlackElo "2274"]
[PlyCount "156"]
[EventDate "2023.07.25"]
[EventType "swiss (blitz)"]
[EventRounds "11"]
[EventCountry "USA"]
[SourceTitle "EXT 2024"]
[Source "ChessBase"]
[SourceDate "2023.10.10"]
[SourceVersion "1"]
[SourceVersionDate "2023.10.10"]
[SourceQuality "1"]

1. e4 e5 2. Nf3 Nc6 3. Nc3 Nf6 4. d4 Bb4 5. d5 Ne7 6. Bd3 Bxc3+ 7. bxc3 d6 8. 0-0 0-0 9. Nh4 Ng6 10. Nxg6 hxg6 11. f4 Bg4 12. Qe1 exf4 13. Bxf4 Qe7 14. Qg3 Bd7 15. Bg5 Qe5 16. Qxe5 dxe5 17. Bxf6 gxf6 18. Rxf6 Kg7 19. Rf2 f5 20. Raf1 f4 21. Rb1 b6 22. Bb5 Rad8 23. Bxd7 Rxd7 24. c4 g5 25. h3 Kf6 26. Rb5 Rh8 27. Kf1 g4 28. hxg4 Rh1+ 29. Ke2 Kg5 30. Kf3 Ra1 31. c3 Rh7 32. c5 Rhh1 33. cxb6 axb6 34. d6 cxd6 35. Rxb6 Rhd1 36. Rb8 Rd3+ 37. Ke2 Rxc3 38. Rg8+ Kf6 39. Kd2 Ra3 40. Re2 R1xa2+ 41. Kd1 Rxe2 42. Kxe2 Re3+ 43. Kf2 Rxe4 44. g5+ Kf7 45. Rd8 Rd4 46. g3 Kg6 47. gxf4 Rxf4+ 48. Ke3 Rd4 49. Rg8+ Kf7 50. Rd8 d5 51. Rd6 Rd1 52. Rf6+ Kg7 53. Rf5 Re1+ 54. Kd2 Re4 55. Rf1 Kg6 56. Rg1 d4 57. Kd3 Re3+ 58. Kd2 Ra3 59. Rg4 Kf5 60. Rg1 Kg6 61. Rg4 Re3 62. Rg1 e4 63. Rg4 Kf5 64. Rg1 Kg6 65. Rg4 Rd3+ 66. Ke2 Kf5 67. Rg1 Ra3 68. g6 Ra2+ 69. Kf1 Ra1+ 70. Kg2 Rxg1+ 71. Kxg1 Kxg6 72. Kf1 Kf5 73. Ke2 Kf4 74. Kd2 d3 75. Ke1 Ke3 76. Kd1 d2 77. Kc2 Ke2 78. Kc3 d1Q 0-1

[Event "Titled Tuesday intern op 25th Jul Early"]
[Site "Chess.com INT"]
[Date "2023.07.25"]
[Round "9"]
[White "Hrescak, Ivana"]
[Black "Schut, Han"]
[Result "1/2-1/2"]
[WhiteElo "2117"]
[BlackElo "2091"]
[PlyCount "163"]
[EventDate "2023.07.25"]
[EventType "swiss (blitz)"]
[EventRounds "11"]
[EventCountry "USA"]
[SourceTitle "EXT 2024"]
[Source "ChessBase"]
[SourceDate "2023.10.10"]
[SourceVersion "1"]
[SourceVersionDate "2023.10.10"]
[SourceQuality "1"]

1. e4 c5 2. Nf3 d6 3. Bb5+ Bd7 4. Bxd7+ Qxd7 5. c4 Nf6 6. Nc3 g6 7. d4 cxd4 8. Nxd4 Bg7 9. b3 0-0 10. Bb2 Rc8 11. 0-0 Nc6 12. Nxc6 Qxc6 13. Nd5 Nxd5 14. exd5 Qd7 15. Bxg7 Kxg7 16. Qd4+ Kg8 17. Rfe1 Rc7 18. Re4 b5 19. Rae1 bxc4 20. bxc4 Re8 21. h4 h5 22. Qe3 Qa4 23. Qb3 Qa6 24. a3 Rb7 25. Qg3 Rc7 26. c5 Rxc5 27. Rxe7 Rxe7 28. Rxe7 Rc1+ 29. Kh2 Qf1 30. Re8+ Kg7 31. Qe3 Qh1+ 32. Kg3 Qd1 33. Qe4 Rc3+ 34. Kh2 Rd3 35. Re7 Rd4 36. Qf3 Rxh4+ 37. Kg3 Rg4+ 38. Kh2 Rh4+ 39. Kg3 Qxf3+ 40. Kxf3 Rd4 41. Rxa7 Rxd5 42. a4 Kf6 43. Ke4 Rc5 44. a5 Ke6 45. a6 Ra5 46. Ra8 Ra4+ 47. Ke3 d5 48. a7 Kf6 49. Kd3 g5 50. Ke3 h4 51. Kf3 Kg7 52. Ke3 f5 53. Kf3 Ra3+ 54. Ke2 g4 55. Kd2 h3 56. gxh3 gxh3 57. Rb8 Rxa7 58. Rb3 Kf6 59. Rxh3 Ra2+ 60. Ke3 Ke5 61. Rh8 Ra3+ 62. Ke2 Kf4 63. Rd8 Ke4 64. Re8+ Kd4 65. Rf8 Ra2+ 66. Kf3 Ra3+ 67. Kf4 Ra2 68. f3 Kc3 69. Rxf5 d4 70. Rd5 d3 71. Kf5 Re2 72. f4 d2 73. Kg6 Re3 74. Rxd2 Kxd2 75. f5 Rg3+ 76. Kf7 Kd3 77. f6 Ke4 78. Ke6 Rg6 79. Ke7 Kf5 80. f7 Rg7 81. Ke8 Rxf7 82. Kxf7 1/2-1/2

[Event "Titled Tuesday intern op 18th Jul Early"]
[Site "Chess.com INT"]
[Date "2023.07.18"]
[Round "8"]
[White "Hrescak, Ivana"]
[Black "Gulamirian, Korun"]
[Result "0-1"]
[WhiteElo "2117"]
[BlackElo "1816"]
[PlyCount "74"]
[EventDate "2023.07.18"]
[EventType "swiss (blitz)"]
[EventRounds "11"]
[EventCountry "USA"]
[SourceTitle "EXT 2024"]
[Source "ChessBase"]
[SourceDate "2023.10.10"]
[SourceVersion "1"]
[SourceVersionDate "2023.10.10"]
[SourceQuality "1"]

1. e4 c5 2. Nf3 e6 3. g3 Nc6 4. Bg2 g6 5. 0-0 Bg7 6. c3 Nge7 7. d4 cxd4 8. cxd4 d5 9. e5 0-0 10. Bg5 h6 11. Bf4 Qb6 12. Qd2 Nf5 13. Rd1 Kh7 14. Bh3 Bd7 15. Bxf5 exf5 16. h4 Rac8 17. Nc3 Be6 18. a3 Na5 19. b4 Nb3 20. Qe3 Nxa1 21. Rxa1 Qc6 22. Rc1 Qd7 23. Kg2 Rc4 24. Rh1 h5 25. Ng5+ Kg8 26. Ne2 Rfc8 27. Rd1 Qa4 28. Rd3 a5 29. bxa5 Qxa5 30. Qf3 Qe1 31. Be3 Kf8 32. Nf4 Rc1 33. Bxc1 Rxc1 34. Ngxe6+ fxe6 35. Nxg6+ Kf7 36. Nh8+ Kg8 37. Qxh5 Qh1# 0-1

[Event "Titled Tuesday intern op 18th Jul Early"]
[Site "Chess.com INT"]
[Date "2023.07.18"]
[Round "1"]
[White "Hrescak, Ivana"]
[Black "Novoselov, Roman"]
[Result "0-1"]
[WhiteElo "2117"]
[BlackElo "2279"]
[PlyCount "40"]
[EventDate "2023.07.18"]
[EventType "swiss (blitz)"]
[EventRounds "11"]
[EventCountry "USA"]
[SourceTitle "EXT 2024"]
[Source "ChessBase"]
[SourceDate "2023.10.10"]
[SourceVersion "1"]
[SourceVersionDate "2023.10.10"]
[SourceQuality "1"]

1. e4 c6 2. d4 d5 3. e5 c5 4. dxc5 Nc6 5. Nf3 Bg4 6. Bf4 e6 7. a3 Bxc5 8. b4 Bb6 9. h3 Bh5 10. Be2 Nge7 11. 0-0 Ng6 12. Qd2 Bxf3 13. Bxf3 Ncxe5 14. Bh5 Nc4 15. Qc1 Qf6 16. Bxg6 Qxa1 17. Bd3 Rc8 18. Re1 Qd4 19. Re2 0-0 20. Nd2 Qxf4 0-1

[Event "Titled Tuesday intern op 18th Jul Early"]
[Site "Chess.com INT"]
[Date "2023.07.18"]
[Round "2"]
[White "Hrescak, Ivana"]
[Black "Starosta, Martyna"]
[Result "0-1"]
[WhiteElo "2117"]
[BlackElo "2168"]
[PlyCount "130"]
[EventDate "2023.07.18"]
[EventType "swiss (blitz)"]
[EventRounds "11"]
[EventCountry "USA"]
[SourceTitle "EXT 2024"]
[Source "ChessBase"]
[SourceDate "2023.10.10"]
[SourceVersion "1"]
[SourceVersionDate "2023.10.10"]
[SourceQuality "1"]

1. e4 d5 2. exd5 Qxd5 3. Nc3 Qa5 4. Bc4 Nf6 5. d4 c6 6. Qe2 Bf5 7. Nf3 e6 8. 0-0 Nbd7 9. h3 Bd6 10. Re1 0-0 11. Ne5 Rfe8 12. a3 Qc7 13. Bf4 Rad8 14. Rad1 Nd5 15. Bg3 Nxc3 16. bxc3 Nxe5 17. dxe5 Bxa3 18. Ra1 Bc5 19. Bf4 b5 20. Bd3 Bg6 21. h4 Qd7 22. Rad1 Qb7 23. h5 Bxd3 24. cxd3 Bf8 25. h6 g6 26. Bg5 Rd7 27. d4 c5 28. Rb1 cxd4 29. Rxb5 Qa6 30. cxd4 Rxd4 31. Reb1 Rd5 32. Qf1 Rxb5 33. Qxb5 Qxb5 34. Rxb5 Ra8 35. Ra5 Bb4 36. Ra6 Kf8 37. f4 Ke8 38. Bf6 Kd7 39. Ra4 Bc5+ 40. Kf1 a5 41. Ke2 Kc6 42. Kd3 Kb5 43. Ra1 Rd8+ 44. Kc2 Rc8 45. Rb1+ Bb4+ 46. Kb3 a4+ 47. Ka2 Rc2+ 48. Rb2 Rxb2+ 49. Kxb2 a3+ 50. Ka2 Kc4 51. Bg7 Kd3 52. g3 Ke4 53. Bf6 Kf3 54. Bh4 Be1 55. Kxa3 Bxg3 56. Bxg3 Kxg3 57. Kb4 Kxf4 58. Kc5 Kxe5 59. Kc4 g5 60. Kc5 g4 61. Kc6 g3 62. Kd7 g2 63. Ke7 g1Q 64. Kxf7 Qg6+ 65. Kf8 Qxh6+ 0-1

[Event "Titled Tuesday intern op 11th Jul Early"]
[Site "Chess.com INT"]
[Date "2023.07.11"]
[Round "7"]
[White "Herman, Daniel"]
[Black "Hrescak, Ivana"]
[Result "1/2-1/2"]
[WhiteElo "1928"]
[BlackElo "2117"]
[PlyCount "108"]
[EventDate "2023.07.11"]
[EventType "swiss (blitz)"]
[EventRounds "11"]
[EventCountry "USA"]
[SourceTitle "EXT 2024"]
[Source "ChessBase"]
[SourceDate "2023.10.10"]
[SourceVersion "1"]
[SourceVersionDate "2023.10.10"]
[SourceQuality "1"]

1. Nf3 d5 2. b3 Nf6 3. Bb2 Bg4 4. Ne5 Bf5 5. d3 Nbd7 6. Nxd7 Qxd7 7. Nd2 e6 8. g3 h5 9. Bg2 h4 10. e4 Bg6 11. Qe2 hxg3 12. hxg3 Rxh1+ 13. Bxh1 0-0-0 14. 0-0-0 Kb8 15. f4 Bh5 16. Bf3 Bxf3 17. Qxf3 Qb5 18. exd5 Nxd5 19. Kb1 Qa5 20. Nc4 Nc3+ 21. Bxc3 Qxc3 22. Qg2 b5 23. Qd2 Qxd2 24. Nxd2 Bb4 25. Ne4 f6 26. Rh1 Re8 27. Rh7 Re7 28. Kb2 Kc8 29. c3 Bd6 30. Rh8+ Kb7 31. Rd8 Kc6 32. c4 bxc4 33. bxc4 g5 34. fxg5 fxg5 35. Nxd6 cxd6 36. Rg8 Rb7+ 37. Kc3 Rb1 38. Rxg5 Ra1 39. Ra5 Kb6 40. Rb5+ Kc6 41. Ra5 Kb6 42. Ra3 Rg1 43. Rb3+ Kc6 44. Kb4 Rxg3 45. d4 Rxb3+ 46. axb3 e5 47. dxe5 dxe5 48. Kc3 a5 49. Kd3 Kc5 50. Ke4 Kb4 51. Kxe5 a4 52. bxa4 Kxc4 53. a5 Kb5 54. a6 Kxa6 1/2-1/2